000 00965nab a2200265uu 4500
001 14364
003 HDC
007 cr aa aaaau
008 210214p2001 ||||| |||| 00| 0 eng d
040 _aHDC
100 _aGrandin, Temple,
_eauthor
_cDr.
_914942
245 0 _aLivestock Handling Guide / by
_cDr. Temple Grandin
246 _aManagement Practices that Reduce Livestock Bruise and Injuries and Improve Handling Efficiency
260 _a[no place] :
_b[publisher not identified],
_c2001
300 _a1 online resource (7pages )
336 _atext
_2rdacontent
337 _acomputer
_2rdamedia
338 _aonline resource
_2rdacarrier
650 _aHandling Efficiency
_914944
650 _aLivestock Bruise
_914943
856 _zRequest full-text at [email protected]
942 _2lcc
942 _cAR
942 _kJART 003401
999 _c11680
_d11680